Do-it-yourself direct marketing : secrets for small business

Αποθηκεύτηκε σε:
Λεπτομέρειες βιβλιογραφικής εγγραφής
Κύριος συγγραφέας: Bacon, Mark S.
Μορφή: Βιβλίο
Γλώσσα:English
Δημοσίευση: New York : John Wiley & Sons, c1997
Έκδοση:2nd ed.
Θέματα:
Ετικέτες: Προσθήκη ετικέτας
Δεν υπάρχουν, Καταχωρήστε ετικέτα πρώτοι!

MARC

LEADER 00000cam a2200000 i 4500
001 1/17854
008 010305s1997 eng d
020 |a 0-471-16384-8 
035 |l 10066284 
040 |a GR-MY-UA  |b gre  |e aacr 
041 0 |a eng 
082 0 |a 658.84 
100 1 |a Bacon, Mark S. 
245 1 0 |a Do-it-yourself direct marketing :  |b secrets for small business /  |c Mark S. Bacon 
250 |a 2nd ed. 
260 |a New York :   |b John Wiley & Sons,   |c c1997 
300 |a xiv, 290 p. 
504 |a Includes bibliographical references and index 
650 0 0 |a Direct marketing. 
650 0 0 |a Small business. 
852 |a INST  |b CHIOS  |e 20010305  |h 658.84 BAC  |p 005200021549  |q 005200021549  |t BK  |y 0 
901 |a BIBL2-2001-1 
909 |a Χ  |b 083385 
970 |a ΣΠΕΝΤΖΑ  |b ΕΛΕΝΗ  |z 2001/03/05